Catálogo
 En Linea

Los tipos humanos; / (Registro nro. 10533)

Detalles MARC
000 -CABECERA
campo de control de longitud fija 01161cam a22003251 4500
001 - NÚMERO DE CONTROL
campo de control 000010781
005 - FECHA Y HORA DE LA ÚLTIMA TRANSACCIÓN
campo de control 20200929162306.0
008 - DATOS DE LONGITUD FIJA--INFORMACIÓN GENERAL
campo de control de longitud fija 770224s1944 xx 000 0 spa c
010 ## - NÚMERO DE CONTROL DE LA BIBLIOTECA DEL CONGRESO
Número de control de LC a 45002970
035 ## - NÚMERO DE CONTROL DEL SISTEMA
Número de control de sistema (OCoLC)2761699
040 ## - FUENTE DE LA CATALOGACIÓN
Centro catalogador/agencia de origen DO-SdBNP
Centro/agencia transcriptor NmLcU
Centro/agencia modificador NmLcU
-- DLC
041 1# - CÓDIGO DE LENGUA
Código de lengua del texto/banda sonora o título independiente spafre
042 ## - CÓDIGO DE AUTENTICACIÓN
Código de autenticación premarc
050 00 - SIGNATURA TOPOGRÁFICA DE LA BIBLIOTECA DEL CONGRESO
Número de clasificación GN60
Número de documento/Ítem .S386
100 1# - ENTRADA PRINCIPAL--NOMBRE DE PERSONA
Nombre de persona Schreider, Eugene.
9 (RLIN) 26029
245 14 - MENCIÓN DE TÍTULO
Título Los tipos humanos; /
Mención de responsabilidad, etc. traduccion y prologo de Juan Comas.
250 ## - MENCIÓN DE EDICIÓN
Mención de edición 1. ed.
260 ## - PUBLICACIÓN, DISTRIBUCIÓN, ETC.
Lugar de publicación, distribución, etc. Mexico, :
Nombre del editor, distribuidor, etc. Fondo de Cultura Economica,
Fecha de publicación, distribución, etc. [1944].
300 ## - DESCRIPCIÓN FÍSICA
Extensión 355 p. :
Otras características físicas illus., fold. tables. ;
Dimensiones 22 cm.
490 0# - MENCIÓN DE SERIE
Mención de serie Seccion de obras de antropologia [del Fondo de Cultura Economico]
500 ## - NOTA GENERAL
Nota general At head of title: Eugenio Schreider.
500 ## - NOTA GENERAL
Nota general Errata slip laid in.
500 ## - NOTA GENERAL
Nota general Translation of Les types humains.
505 0# - NOTA DE CONTENIDO CON FORMATO
Nota de contenido con formato Los tipos somaticos.--Los tipos psicologicos.--Los tipos somato-psiquicos.--Bibliografia (p. 315-344)
650 #0 - PUNTO DE ACCESO ADICIONAL DE MATERIA--TÉRMINO DE MATERIA
Término de materia o nombre geográfico como elemento de entrada Physical anthropology.
9 (RLIN) 26030
650 #0 - PUNTO DE ACCESO ADICIONAL DE MATERIA--TÉRMINO DE MATERIA
Término de materia o nombre geográfico como elemento de entrada Anthropology.
9 (RLIN) 26031
650 #0 - PUNTO DE ACCESO ADICIONAL DE MATERIA--TÉRMINO DE MATERIA
Término de materia o nombre geográfico como elemento de entrada Psychophysiology.
9 (RLIN) 26032
650 #0 - PUNTO DE ACCESO ADICIONAL DE MATERIA--TÉRMINO DE MATERIA
Término de materia o nombre geográfico como elemento de entrada Characters and characteristics.
9 (RLIN) 26033
910 ## - DATOS DE OPCIÓN DEL USUARIO (OCLC)
Datos de opción del usuario Catalogación por copia / LC
Existencias
Estado de retiro Estado de pérdida Restricciones de uso No para préstamo Código de colección Localización permanente Ubicación/localización actual Ubicación en estantería Fecha de adquisición Número de inventario Total de préstamos Signatura topográfica completa Código de barras Fecha visto por última vez Precio válido a partir de Tipo de ítem Koha
    Préstamo interno Préstamo restrigido Monografías: Libros y Folletos General General En encuadernación 09.10.2009 LF1   10781-10 25.06.2020 25.06.2020 Préstamo interno

Con tecnología Koha